000 00634nam a2200169 i 4500
001 149626
003 ES-MaACL
005 20230906203201.0
007 t|
008 071023s1911 sp ||||1| spa d
100 1 _aVargas-Machuca y Muñoz, Andrés de.
_9113209
245 1 3 _aLa corea de Sydenham y su tratamiento por el hedonal
_b: tesis doctoral leida en la Facultad de Medicina de Madrid el 27 de Junio de 1908 /
_cpor Andrés de Vargas-Machuca y Muñoz.
260 _aMadrid :
_b[s.n.],
_c1911 (
_fImp. de Antonio Marzo)
300 _a30 p. ;
_c25 cm.
650 4 _aCorea (Patología)
_9153652
852 _aES-MaACL
_jT-1315-F-9
999 _c149626
_d149626